000 01500nas a22003017a 4500
999 _c4132
_d4132
005 20200506112431.0
007 cr
008 180730cr ag f||p| |||| |0| 0 spa d
022 _a1699-7479
082 1 4 _214
_a350
245 0 0 _aRevista de estudios de la administración local y autonómica /
_cInstituto Nacional de Administración Pública .
260 _aMadrid :
_bINAP ,
_c2006 -
300 _aImpresa y digital.
310 _aSemestral
362 _aNº 300-301 (ene.-ago. 2006) -
500 _aLa publicación tiene carácter multidisciplinar, especialmente en aquellas ciencias sociales que contribuyen a la comprensión del objeto de la revista: derecho, ciencia de la administración, ciencia política, gestión pública, sociología y economía.
515 _6El Nº 300 y el Nº 301 están editados en un mismo ejemplar.
550 _aEl Instituto Nacional de Administración Pública (INAP) es un organismo autónomo adscrito al Ministerio de Política Territorial y Función Pública, a través de la Secretaría de Estado de Función Pública desde el año 2017.
650 2 7 _2unescot
_91535
_aADMINISTRACION PUBLICA
650 2 7 _2unescot
_91179
_aADMINISTRACION LOCAL
650 2 4 _95871
_aCOMUNIDAD AUTONOMA
651 2 7 _2unescot
_92370
_aESPAÑA
710 1 _aEspaña . Instituto Nacional de Administración Pública
_95873
856 4 1 _uhttp://revistasonline.inap.es/index.php?journal=REALA
869 _a2006
_n300-302
869 _a2007
_n305
942 _2ddc
_cREV